Putative major gene for rust resistance linked with a RFLP marker in sugarcane cultivar R570 (Record no. 66122)

MARC details
000 -LEADER
fixed length control field 00664nam a2200253Ia 4500
100 ## - MAIN ENTRY--AUTHOR NAME
Personal name Daugrois J H
245 #0 - TITLE STATEMENT
Title Putative major gene for rust resistance linked with a RFLP marker in sugarcane cultivar R570
260 ## - PUBLICATION, DISTRIBUTION, ETC. (IMPRINT)
Name of publisher Theoretical and Applied Genetics
Year of publication 1996
300 ## - PHYSICAL DESCRIPTION
Number of Pages 1059-1064
650 ## - SUBJECT ADDED ENTRY--TOPICAL TERM
Topical Term Major gene
650 ## - SUBJECT ADDED ENTRY--TOPICAL TERM
Topical Term Polyploidy
650 ## - SUBJECT ADDED ENTRY--TOPICAL TERM
Topical Term Puccinia malanocephala
650 ## - SUBJECT ADDED ENTRY--TOPICAL TERM
Topical Term RFLP
650 ## - SUBJECT ADDED ENTRY--TOPICAL TERM
Topical Term Rust
650 ## - SUBJECT ADDED ENTRY--TOPICAL TERM
Topical Term Sugarcane
700 ## - ADDED ENTRY--PERSONAL NAME
Personal name DHont A
700 ## - ADDED ENTRY--PERSONAL NAME
Personal name Glaszmann J C
700 ## - ADDED ENTRY--PERSONAL NAME
Personal name Grivet L
700 ## - ADDED ENTRY--PERSONAL NAME
Personal name Hoarau J Y
700 ## - ADDED ENTRY--PERSONAL NAME
Personal name Lombard H
700 ## - ADDED ENTRY--PERSONAL NAME
Personal name Roques D
942 ## - ADDED ENTRY ELEMENTS (KOHA)
Koha item type Journals
Holdings
Withdrawn status Lost status Damaged status Not for loan Home library Current library Shelving location Date acquired Serial Enumeration / chronology Koha item type
      Journals RRII Library RRII Library RFLP 17/12/2021 Volume 92, Issue 8 Journals